Army Regulations, No. 35-3820, Change 1 : Finance Department, Pay of Civilian Employees, General Provisions.

Bibliographic Details
Corporate Author: United States. War Department
Format: Government Document eBook
Language:English
Published: [Washington] : [s.n.], 1942.
Subjects:
Online Access:Electronic resource (PDF)

MARC

Tag First Indicator Second Indicator Subfields
LEADER 00000cam a22000001i 4500
001 in00003933765
006 m d f
007 cr bn mmmapmmp
008 420803s1942 dcu o f000 0 eng d
005 20250210231810.8
035 |a ebd19401452223 
040 |a UMI  |c UMI  |e rda  |d UtOrBLW 
086 0 |a W 1.6/2:35-3820/3/ch.1 
099 |a W1.6_2..35-3820_3_ch.1 
110 1 |a United States.  |b War Department.  |0 http://id.loc.gov/authorities/names/n79084108 
245 1 0 |a Army Regulations, No. 35-3820, Change 1 :  |b Finance Department, Pay of Civilian Employees, General Provisions. 
264 1 |a [Washington] :  |b [s.n.],  |c 1942. 
300 |a 1 online resource (2 pages), digital, PDF file 
336 |a text  |b txt  |2 rdacontent 
337 |a computer  |b c  |2 rdamedia 
338 |a online resource  |b cr  |2 rdacarrier 
533 |a Electronic reproduction.  |b [Bethesda, Md.] :  |c ProQuest,  |d 2016  |e digital, PDF file.  |n ProQuest U.S. Executive Branch Documents  |n Mode of access: World Wide Web via ProQuest website. 
588 |a Record is based on online resource; title from PDF title page (ProQuest, last viewed Nov. 2016). Reuse except for individual research requires license from ProQuest, LLC. 
610 1 0 |a United States.  |b Congress  |x Officials and employees.  |0 http://id.loc.gov/authorities/subjects/sh85140784 
650 0 |a Armies.  |0 http://id.loc.gov/authorities/subjects/sh85007309 
650 0 |a Finance.  |0 http://id.loc.gov/authorities/subjects/sh85048256 
650 0 |a Wages.  |0 http://id.loc.gov/authorities/subjects/sh85144526 
856 4 0 |u http://proxy.library.tamu.edu/login?url=http://congressional.proquest.com/congressional/docview/t66.d71.w1.6_2..35-3820_3_ch.1?  |y Electronic resource (PDF)  |t 0 
999 f f |s 037a779b-fc2a-3ebe-b55d-7d742957b207  |i 0dca4059-9763-32ee-9bba-62eae466c7eb  |t 0 
952 f f |a Texas A&M University  |b College Station  |c Electronic Resources  |d Available Online  |t 0  |h No information provided 
998 f f |t 0  |l Available Online